Имитационная модель управления запасами производственных предприятий; Перспективы развития фундаментальных наук; Т. 3 : Математика
| Parent link: | Курзина, И. А. (химик ; 1972-). Перспективы развития фундаментальных наук=Prospects of Fundamental Sciences Development: сборник научных трудов XX Международной конференции студентов, аспирантов и молодых ученых, г. Томск, 25-28 апреля 2023 г..— .— Томск: Изд-во ТПУ, 2023 Т. 3 : Математика.— 2023.— С. 46-49 |
|---|---|
| Autor principal: | |
| Autor corporatiu: | |
| Altres autors: | |
| Sumari: | Заглавие с экрана In this study, we built a simulation model of inventory management with random delivery frequency and random demand. The frequency of supply and demand are set by a random variable with a normal distribution law. In this paper, the random frequency of delivery will be compared with the frequency of delivery calculated by the deterministic Mitsel model. Текстовый файл |
| Idioma: | rus |
| Publicat: |
2023
|
| Matèries: | |
| Accés en línia: | http://earchive.tpu.ru/handle/11683/80893 |
| Format: | Electrònic Capítol de llibre |
| KOHA link: | https://koha.lib.tpu.ru/cgi-bin/koha/opac-detail.pl?biblionumber=674340 |
MARC
| LEADER | 00000naa2a2200000 4500 | ||
|---|---|---|---|
| 001 | 674340 | ||
| 005 | 20241127155953.0 | ||
| 090 | |a 674340 | ||
| 100 | |a 20240904d2023 k||y0rusy50 ca | ||
| 101 | 0 | |a rus | |
| 102 | |a RU | ||
| 135 | |a drcn ---uucaa | ||
| 200 | 1 | |a Имитационная модель управления запасами производственных предприятий |f И. В. Борисенко |g науч. рук. А. А. Мицель ; Национальный исследовательский Томский политехнический университет |d Simulation model of inventory management of manufacturing enterprises |z eng | |
| 300 | |a Заглавие с экрана | ||
| 320 | |a Библиография: с. 48-49 | ||
| 330 | |a In this study, we built a simulation model of inventory management with random delivery frequency and random demand. The frequency of supply and demand are set by a random variable with a normal distribution law. In this paper, the random frequency of delivery will be compared with the frequency of delivery calculated by the deterministic Mitsel model. | ||
| 336 | |a Текстовый файл | ||
| 461 | 1 | |0 636133 |t Перспективы развития фундаментальных наук |l Prospects of Fundamental Sciences Development |o сборник научных трудов XX Международной конференции студентов, аспирантов и молодых ученых, г. Томск, 25-28 апреля 2023 г. |d 2023 |9 636133 |a Курзина, И. А. (химик ; 1972-) |c Томск |n Изд-во ТПУ | |
| 463 | 1 | |0 636135 |t Т. 3 : Математика |v С. 46-49 |d 2023 |9 636135 |u conference_tpu-2023-C21_V3.pdf |l Vol. 3. Mathematics | |
| 610 | 1 | |a труды учёных ТПУ | |
| 610 | 1 | |a электронный ресурс | |
| 610 | 1 | |a имитационная модель | |
| 610 | 1 | |a запасы | |
| 610 | 1 | |a управление | |
| 700 | 1 | |a Борисенко |b И. В. | |
| 702 | 1 | |a Мицель |b А. А. |c математик |c профессор Томского политехнического университета, доктор технических наук |f 1947- |g Артур Александрович |4 727 | |
| 712 | 0 | 2 | |a Национальный исследовательский Томский политехнический университет |c (2009- ) |9 26305 |
| 801 | 0 | |a RU |b 63413507 |c 20240904 |g RCR | |
| 856 | 4 | |u http://earchive.tpu.ru/handle/11683/80893 |z http://earchive.tpu.ru/handle/11683/80893 | |
| 942 | |c CF | ||